| 000 | 00754nab a2200253 a 4500 | ||
|---|---|---|---|
| 001 | 59143 | ||
| 003 | 130972 | ||
| 005 | 20201118105609.0 | ||
| 008 | ||||||n9999 ||| || || | ||
| 041 | _aspa | ||
| 245 | 0 |
_aPreservar o indio, preservar a floresta : _bpp.28-29,32 |
|
| 260 |
_aAlemania : _bDeutsche Stiffung fur internationale Entwicklung, _c1998. |
||
| 562 | _e0 | ||
| 650 | _aAMAZONÍA (COLOMBIA) | ||
| 650 | _aANÁLISIS DE RESULTADOS | ||
| 650 | _aBRASIL | ||
| 650 | _aDIVERSIDAD BIOLÓGICA | ||
| 650 | _aEVALUACION DE PROGRAMAS | ||
| 650 | _aPROGRAMAS ESTADALES | ||
| 650 | _aPROTECCIÓN DEL MEDIO AMBIENTE | ||
| 650 | _aRESGUARDOS INDIGENAS | ||
| 773 |
_054986 _aD+C Desarrollo y Cooperacion - No.4 (1998) |
||
| 942 | _cSART | ||
| 999 |
_c59143 _d59143 |
||